|
|
|
|
| LEADER |
01508nam a2200397Ia 4500 |
| 001 |
EBC3138239 |
| 003 |
MiAaPQ |
| 005 |
20200520144314.0 |
| 006 |
m o d | |
| 007 |
cr cn||||||||| |
| 008 |
110218s2011 nyu sb 001 0 eng d |
| 010 |
|
|
|z 2011007723
|
| 020 |
|
|
|z 9780801450242
|
| 035 |
|
|
|a (MiAaPQ)EBC3138239
|
| 035 |
|
|
|a (Au-PeEL)EBL3138239
|
| 035 |
|
|
|a (CaPaEBR)ebr10491827
|
| 035 |
|
|
|a (CaONFJC)MIL768208
|
| 035 |
|
|
|a (OCoLC)752263477
|
| 040 |
|
|
|a MiAaPQ
|c MiAaPQ
|d MiAaPQ
|
| 050 |
|
4 |
|a HD8736.5
|b .F76 2011
|
| 082 |
0 |
4 |
|a 331.10951
|2 22
|
| 245 |
0 |
0 |
|a From iron rice bowl to informalization
|h [electronic resource] :
|b markets, workers, and the state in a changing China /
|c [edited by] Sarosh Kuruvilla, Ching Kwan Lee, and Mary E. Gallagher.
|
| 260 |
|
|
|a Ithaca :
|b ILR Press,
|c 2011.
|
| 300 |
|
|
|a vi, 233 p.
|
| 504 |
|
|
|a Includes bibliographical references and index.
|
| 533 |
|
|
|a Electronic reproduction. Ann Arbor, MI : ProQuest, 2015. Available via World Wide Web. Access may be limited to ProQuest affiliated libraries.
|
| 650 |
|
0 |
|a Industrial relations
|z China.
|
| 650 |
|
0 |
|a Labor policy
|z China.
|
| 650 |
|
0 |
|a Labor market
|z China.
|
| 650 |
|
0 |
|a Informal sector (Economics)
|z China.
|
| 655 |
|
4 |
|a Electronic books.
|
| 700 |
1 |
|
|a Kuruvilla, Sarosh.
|
| 700 |
1 |
|
|a Lee, Ching Kwan.
|
| 700 |
1 |
|
|a Gallagher, Mary Elizabeth,
|d 1969-
|
| 710 |
2 |
|
|a ProQuest (Firm)
|
| 856 |
4 |
0 |
|u https://ebookcentral.proquest.com/lib/matrademy/detail.action?docID=3138239
|z Click to View
|